000
00498nam a2200169Ia 4500
008
110201s9999 xx 000 0 und d
082
_b
B3874
_a
K 1640
100
_a
रानडे जयंत
245
_a
रत्नप्रभा
260
_b
पुजा प्रकाशन
365
_b
10
600
_a
रानडे जयंत
630
_a
रत्नप्रभा
700
_a
रानडे जयंत
730
_a
रत्नप्रभा
942
_c
BOOK
999
_c
830416
_d
830413